Beyond classical liberalism : (Record no. 1429746)

MARC details
000 -LEADER
fixed length control field 01702nam a2200241Ia 4500
005 - DATE AND TIME OF LATEST TRANSACTION
control field 20250604151238.0
008 - FIXED-LENGTH DATA ELEMENTS--GENERAL INFORMATION
fixed length control field 008 250516s9999 xx 000 0 eng d
020 ## - INTERNATIONAL STANDARD BOOK NUMBER
International Standard Book Number 9781032855189
040 ## - CATALOGING SOURCE
Original cataloging agency SDCL
Language of cataloging eng
Transcribing agency SDCL
041 ## - LANGUAGE CODE
Language code of text/sound track or separate title eng
Source of code eng
084 ## - COLON CLASSIFICATION NUMBER
Classification number W66 R4
Assigning agency SDCL
245 #0 - TITLE STATEMENT
Title Beyond classical liberalism :
Remainder of title Freedom and the good
260 ## - PUBLICATION, DISTRIBUTION, ETC.
Place of publication, distribution, etc. London :
Name of publisher, distributor, etc. Routledge,
Date of publication, distribution, etc. 2024.
300 ## - PHYSICAL DESCRIPTION
Extent xiv, 275p.
365 ## - TRADE PRICE
Price type code INR
Price amount 1295
520 ## - SUMMARY, ETC.
Summary, etc. This book brings together diverse sets of standpoints on liberalism in an era of growing skepticism and distrust regarding liberal institutions.<br/><br/>The chapters in the book:<br/><br/>Relate concerns for liberal institutions with classical themes in perfectionist politics, such as the priority of the common good in decision-making or the role of comprehensive doctrines Analyze how perfectionist intuitions about the political life affect our concepts of public reason or public justification Outline various moral duties we have toward other persons that underlie the liberal institutions or notions of rights functioning across the contemporary political landscape Explore various aspects of pluralism from within influential religious or philosophical traditions, applying insights from those traditions to issues in contemporary politics<br/>The comprehensive book will be of great interest to scholars, students, and researchers of politics, especially those in political philosophy and political theory.
650 ## - SUBJECT ADDED ENTRY--TOPICAL TERM
Topical term or geographic name entry element Common good -- Philosophy
9 (RLIN) 811764
650 ## - SUBJECT ADDED ENTRY--TOPICAL TERM
Topical term or geographic name entry element Liberalism -- Philosophy
9 (RLIN) 811765
650 ## - SUBJECT ADDED ENTRY--TOPICAL TERM
Topical term or geographic name entry element Liberty -- Philosophy
9 (RLIN) 811766
700 ## - ADDED ENTRY--PERSONAL NAME
Personal name Rooney, James Dominic
9 (RLIN) 809690
700 ## - ADDED ENTRY--PERSONAL NAME
Personal name Zoll, Patrick
9 (RLIN) 811767
942 ## - ADDED ENTRY ELEMENTS (KOHA)
Koha item type Textual
Source of classification or shelving scheme Colon Classification (CC)
Suppress in OPAC No
Holdings
Withdrawn status Lost status Source of classification or shelving scheme Damaged status Not for loan Home library Current library Date acquired Source of acquisition Inventory number Total Checkouts Full call number Barcode Date last seen Price effective from Koha item type
    Colon Classification (CC)     South Campus Library South Campus Library 2025-05-22 Pioneer Book Distributor 65, 11/12/2024   W66 R4 SC1690812 2025-05-22 2025-05-22 Textual
Copyright @ Delhi University Library System